00610nam a22002057a 450000500170000001000110001702000100002803500110003803700160004904000120006508200160007710000160009324500640010926000450017327000430021830000210026150000410028265000530032365000280037620170124110040.0 a857073 c00.00 a857073 bCen Lib/Ret aDPLbEN a883.08bSIN aSingh, R.S. aIndian novel in english :cby R.S.Singhba critical study / bArnold-Heinemann Publishersc1977aDelhi aAB/9 Safdarjang EnclavebDelhie110016 a206p. c19cm(Hb) aIncludes bibliographical references  aIndic fiction (English) -- History and criticism aIndic fiction (English)